Các đặc tính căn bản của tôn giáo và tín ngưỡng từ góc nhìn nhân học tôn giáo /
Gardado en:
| Autor Principal: | |
|---|---|
| Formato: | Artigo |
| Idioma: | Vietnamese |
| Những chủ đề: | |
| Các nhãn: |
Engadir etiqueta
Sen Etiquetas, Sexa o primeiro en etiquetar este rexistro!
|
| Thư viện lưu trữ: | Thư viện Trường Đại học Đà Lạt |
|---|
| LEADER | 00886nam a2200277 4500 | ||
|---|---|---|---|
| 001 | DLU210196776 | ||
| 005 | ##20210716 | ||
| 040 | # | # | |a DLU |b vie |
| 041 | # | # | |a vie |
| 044 | # | # | |a vn |
| 100 | # | # | |a Đinh Hồng Hải. |
| 245 | # | # | |a Các đặc tính căn bản của tôn giáo và tín ngưỡng từ góc nhìn nhân học tôn giáo / |c Đinh Hồng Hải. |
| 653 | # | # | |a Đặc tính |
| 653 | # | # | |a Nhân học tôn giáo |
| 653 | # | # | |a Tín ngưỡng |
| 653 | # | # | |a Tôn giáo |
| 773 | # | # | |t Nghiên cứu Tôn giáo |g Số 4(184), 2019, tr. 3-22 |
| 920 | # | # | |a Phòng Tạp chí -- Trung tâm Thông tin - Thư viện Trường Đại học Đà Lạt |
| 994 | # | # | |a DLU |
| 900 | # | # | |a True |
| 911 | # | # | |a Hoàng Thị Huyền |
| 925 | # | # | |a G |
| 926 | # | # | |a A |
| 927 | # | # | |a BB |
| 980 | # | # | |a Thư viện Trường Đại học Đà Lạt |